Consciencism in African political philosophy (Record no. 3025)

MARC details
000 -LEADER
fixed length control field 00362nam a22001337a 4500
008 - FIXED-LENGTH DATA ELEMENTS--GENERAL INFORMATION
fixed length control field 250416b |||||||| |||| 00| 0 eng d
020 ## - INTERNATIONAL STANDARD BOOK NUMBER
ISBN 9781561955
100 ## - MAIN ENTRY--AUTHOR
Author Okadigbo Chuba
245 ## - TITLE STATEMENT
Title Consciencism in African political philosophy
260 ## - PUBLICATION, DISTRIBUTION, ETC. (IMPRINT)
Place of publication Enugu
Name of publisher Fourth dimension publishing Co-Ltd
Date of publication 1985
300 ## - COLLATION
Pagination 106p.
942 ## - ADDED ENTRY ELEMENTS (KOHA)
Item type Books
050 ## - LIBRARY OF CONGRESS CALL NUMBER
Classification number JA 75.706
Item number .O53
Holdings
Source of classification or shelving scheme Not for loan Permanent location Current location Date acquired Accession No. Full call number Barcode. Koha item type
Library of Congress Classification   Samuel Ogbemudia Main Library, University of Abuja Samuel Ogbemudia Main Library, University of Abuja 04/16/2025 98/018392 JA 75.706.O53 2025-1418 Books